Elementos de estática gráfica
Guardado en:
| Autor principal: | |
|---|---|
| Formato: | Libro |
| Lenguaje: | español |
| Publicado: |
Buenos Aires
s.n
1951
|
| Edición: | 4a. ed |
| Materias: | |
| Etiquetas: |
Agregar Etiqueta
Sin Etiquetas, Sea el primero en etiquetar este registro!
|
MARC
| LEADER | 00000nam a2200000 a 4500 | ||
|---|---|---|---|
| 001 | UCU5899 | ||
| 003 | CL-VaPUC | ||
| 008 | 960614e19510000ag |||||||||||||||||spa|d | ||
| 082 | 0 | 4 | |a 624.171 |b GOL |2 21 |
| 100 | |a Goldenhorn, Simón |e author |9 364334 | ||
| 245 | 1 | 0 | |a Elementos de estática gráfica |
| 250 | |a 4a. ed | ||
| 300 | |a 314 p | ||
| 942 | |c BK | ||
| 945 | |d 19960614 00:00:00 |a cmena | ||
| 260 | |a Buenos Aires |b s.n |c 1951 | ||
| 650 | 7 | |a FUERZAS MECANICA |2 CL-VaPUC |9 359700 | |
| 650 | 7 | |a FRICCIONES FISICA |2 CL-VaPUC |9 359791 | |
| 650 | 0 | |a Movimiento física |9 359702 | |
| 650 | 7 | |a CENTRO DE GRAVEDAD |2 CL-VaPUC |9 363940 | |
| 650 | 0 | |a Geometría |9 264063 | |
| 650 | 0 | |a Matemática aplicada |9 260236 | |
| 583 | |a last modification |c 20171227 06:23:22 |k Rodrigo Vera | ||
| 999 | |c 249049 |d 249047 | ||